000 01489nam a2200265Ia 4500
003 Ost
005 20260507075143.0
008 260507s9999||||xx |||||||||||||| ||und||
020 _a25334999579
040 _cfsecg
041 _aara
082 _a330
100 _aجواد، شوقي ناجي
_eمؤلف
245 0 _aإدارة سلسلة التوريد :
_bعلاقات الموردين "مدخل اداري" /
_c شوقي ناجي جواد
260 _aعمان:
_bاثراء للنشر و التوزيع,
_c2008
300 _a238 صفحة؛
_bإيضاحات ؛
_c24 سم
504 _aكشاف المصطلحات ص.221؛ سيرة حياة المؤافين ص.233
520 _aإدارة سلسلة التوريد''علاقات التوريد''- التزود من المصادر واختيار الموردين- علاقات الموردين- منظمات التوريد- تكنولوجيا المعلومات وسلسلة التوريد- توريد الخدمات- تكامل سلسلة التوريد- التوريد العالمي- البحث والقياس في عمليات التوريد- الأخلاقيات والمسؤولية الإجتماعية للتوريد- مستقبل سلسلة التوريد
653 _aإدارة الإنتاج
653 _aإدارة المشتريات
653 _aالتوريد
653 _aتكنولوجيا المعلومات
700 _aالشموط، محمد سالم
_eمؤلف ثانوي
942 _cكتاب
999 _c43307
_d43307